Posibilidades de desarrollo y problemas de pequeños propietarios: Municipio de Comitancillo, San Marcos, Guatemala /
Condiciones de vida y problemas socioeconómicos de los habitantes del municipio de Comitancillo en Guatemala,. Contiene una descripción general del municipio, referente a: extensión, límites, orografía, suelos, clima y comunicaciones. Detalla las principales actividades económicas de tipo agrícola,...
محفوظ في:
| المؤلف الرئيسي: | |
|---|---|
| التنسيق: | أطروحة |
| اللغة: | Spanish |
| منشور في: |
Guatemala:
Universidad de San Carlos de Guatemala
|
| الموضوعات: | |
| الوسوم: |
إضافة وسم
لا توجد وسوم, كن أول من يضع وسما على هذه التسجيلة!
|
MARC
| LEADER | 00000 a a2200000 04500 | ||
|---|---|---|---|
| 001 | 20042 | ||
| 003 | cru CIDCACS/IIS | ||
| 005 | 20200925160841.0 | ||
| 008 | 160909b xxu||||| |||| 00| 0 spa d | ||
| 040 | |c CRAI/IIS |a CRAI/IIS | ||
| 090 | |a 04.03.06 P234p | ||
| 100 | |a Posadas Figueroa, Francisco Rubén | ||
| 245 | |a Posibilidades de desarrollo y problemas de pequeños propietarios: |b Municipio de Comitancillo, San Marcos, Guatemala / |c Francisco Rubén Posadas Figueroa | ||
| 260 | |a Guatemala: |b Universidad de San Carlos de Guatemala | ||
| 300 | |a 64 páginas | ||
| 502 | |a Tesis (Licenciado en Administración de Empresas) -- Universidad de San Carlos de Guatemala. Facultad de Ciencias Económicas, 1974 | ||
| 520 | |a Condiciones de vida y problemas socioeconómicos de los habitantes del municipio de Comitancillo en Guatemala,. Contiene una descripción general del municipio, referente a: extensión, límites, orografía, suelos, clima y comunicaciones. Detalla las principales actividades económicas de tipo agrícola, artesanal y comercial, situando en ese entorno los multiples problemas que aquejan al pequeño propietario agrícola./ACM | ||
| 650 | |a GUATEMALA | ||
| 650 | |a CAMPESINOS | ||
| 650 | |a CONDICIONES DE VIDA | ||
| 650 | |a PRODUCCION AGRICOLA | ||
| 650 | |a PROPIETARIOS RURALES | ||
| 650 | |a PEQUEÑA PROPIEDAD | ||
| 942 | |2 ddc |c TE | ||
| 999 | |c 17905 |d 17905 | ||
